000 00769cam a2200301 4500
001 1227087
003 SISC
005 20160404151146.0
008 700807s1970 nyu b 001 0 eng
010 _a 67012744
040 _aDLC
_cDLC
_dDLC
050 0 0 _aHN 17.5
_b.T644 1970
082 0 0 _aHS 658.406
_bT57 1990
100 1 _aToffler, Alvin.
_914421
245 1 0 _aFuture shock /
_cToffler, Alvin
260 _aNew York :
_bBantam books,
_cc1970.
300 v _a560 p. :
_c18 cm.
350 _a8.95
500 _aincludes index.
504 _a
526 _c
562 _e1
650 0 _aSocial history
_y1945-
_914422
650 0 _aManaging change.
_911333
906 _a7
_bcbc
_corignew
_d2
_encip
_f19
_gy-gencatlg
942 _2lcc
_cBK
999 _c9940
_d9940